000 00425nam a2200169Ia 4500
001 73981
008 160804s9999||||xx |||||||||||||| ||und||
020 _a9789698455682
040 _cPK-LaUMT
082 _a 348.5491
_bFAR-M
100 _aFarrukh Sohail Goindi
245 _aMera lahoo (Urdu)/
_cFarrukh Sohail Goindi
260 _aLahore:
_bJumhoori Publications,
_c2011
300 _a400 p.
546 _aUR
942 _cBK
999 _c87125
_d87125